El ICE: un símbolo, 50 años después. ¿Porqué los costarricenses siguen queriendo al ICE ? /

সংরক্ষণ করুন:
গ্রন্থ-পঞ্জীর বিবরন
প্রধান লেখক: Amador, José Luis
বিন্যাস: পাঠ‍্য
বিষয়গুলি:
ট্যাগগুলো: ট্যাগ যুক্ত করুন
কোনো ট্যাগ নেই, প্রথমজন হিসাবে ট্যাগ করুন!

MARC

LEADER 00000 a a2200000 04500
001 13611
003
040
100 |a Amador, José Luis  
245 |a El ICE:   |b un símbolo, 50 años después. ¿Porqué los costarricenses siguen queriendo al ICE ? /  |c  José Luis Amador 
650 |a EMPRESAS PUBLICAS  
650 |a ELECTRIFICACION  
650 |a TELECOMUNICACIONES  
650 |a MODERNIZACION  
650 |a DESARROLLO ECONOMICO Y SOCIAL  
773 |g número 79; páginas 15-20  
999 |c 23876  |d 23876